Código Aduanero de la República Argentina (Registro nro. 2835)
[ vista simple ]
| 000 -LEADER | |
|---|---|
| fixed length control field | 01280 a2200229 4500 |
| 001 - CONTROL NUMBER | |
| control field | 37961 |
| 005 - DATE AND TIME OF LATEST TRANSACTION | |
| control field | 20260407155645.0 |
| 008 - FIXED-LENGTH DATA ELEMENTS--GENERAL INFORMATION | |
| fixed length control field | 260407a2006 arg spa d |
| 003 - CONTROL NUMBER IDENTIFIER | |
| control field | AR-UNSa-BCEJYS |
| 040 ## - CATALOGING SOURCE | |
| Original cataloging agency | AR-UNSa-BCEJYS |
| Language of cataloging | spa |
| Transcribing agency | AR-UNSa-BCEJYS |
| 080 ## - UNIVERSAL DECIMAL CLASSIFICATION NUMBER | |
| Universal Decimal Classification number | 339.543(094.4) |
| Common auxiliary subdivision | Código Aduanero |
| 020 ## - INTERNATIONAL STANDARD BOOK NUMBER | |
| International Standard Book Number | 978-950-20-1699-3 |
| 100 1# - MAIN ENTRY--PERSONAL NAME | |
| Personal name | Argentina (Código Aduanero) |
| 245 10 - TITLE STATEMENT | |
| Title | Código Aduanero de la República Argentina |
| Name of part/section of a work | edició actuaizada de la ley 22.415 |
| 250 ## - EDITION STATEMENT | |
| Edition statement | 5a. ed |
| 264 #1 - PRODUCTION, PUBLICATION, DISTRIBUTION, MANUFACTURE, AND COPYRIGHT NOTICE | |
| Place of production, publication, distribution, manufacture | Buenos Aires : |
| Name of producer, publisher, distributor, manufacturer | Lexis Nexis |
| Date of production, publication, distribution, manufacture, or copyright notice | 2006 |
| 300 ## - PHYSICAL DESCRIPTION | |
| Extent | 737 p. |
| Dimensions | 22 cm. |
| 505 ## - FORMATTED CONTENTS NOTE | |
| Formatted contents note | 1. Sujetos - 2. Control - 3. Importación - 4. Exportación - 5. Disposiciones comunes a la importación y exportación - 6. Regímenes especiales - 7. Áreas que no integran el territorio aduanero general - 8. Prohibiciones a la importación y exportación - 9. Tributos regidos por la legislación aduanera - 10. Estímulos a la exportación - 11. Reciprocidad de tratamiento - 12. Disposiciones penales - 13. Preferencias Aduaneras - 14. Procedimientos - 15. Disposiciones complemenatrias - 16. Disposiciones tranistorias. |
| 590 ## - LOCAL NOTE (RLIN) | |
| Local note | niveau_biblio:m niveau_hierar:0 |
| 856 41 - ELECTRONIC LOCATION AND ACCESS | |
| Uniform Resource Identifier | <a href="https://biblioeco.unsa.edu.ar/pmb/images/libros/L116021_01.jpg">https://biblioeco.unsa.edu.ar/pmb/images/libros/L116021_01.jpg</a> |
| Link text | Imagen de portada |
| Electronic format type | image/jpeg |
| 942 ## - ADDED ENTRY ELEMENTS (KOHA) | |
| Koha item type | |
| Withdrawn status | Lost status | Damaged status | Not for loan | Home library | Current library | Shelving location | Date acquired | Total checkouts | Full call number | Barcode | Date last seen | Price effective from | Koha item type |
|---|---|---|---|---|---|---|---|---|---|---|---|---|---|
| Biblioteca Prof. Eusebio Cleto del Rey | Biblioteca Prof. Eusebio Cleto del Rey | 07/04/2026 | 339.543(094.4) A688 5ed. | L116021 | 07/04/2026 | 07/04/2026 | Libro | ||||||
| Biblioteca Prof. Eusebio Cleto del Rey | Biblioteca Prof. Eusebio Cleto del Rey | 07/04/2026 | 339.543(094.4) A688 5ed. | L116022 | 07/04/2026 | 07/04/2026 | Libro | ||||||
| Biblioteca Prof. Eusebio Cleto del Rey | Biblioteca Prof. Eusebio Cleto del Rey | 07/04/2026 | 339.543(094.4) A688 5ed. | L116024 | 07/04/2026 | 07/04/2026 | Libro | ||||||
| Biblioteca Prof. Eusebio Cleto del Rey | Biblioteca Prof. Eusebio Cleto del Rey | 07/04/2026 | 339.543(094.4) A688 5ed. | L116025 | 07/04/2026 | 07/04/2026 | Libro | ||||||
| Biblioteca Prof. Eusebio Cleto del Rey | Biblioteca Prof. Eusebio Cleto del Rey | 07/04/2026 | 339.543(094.4) A688 5ed. | L116023 | 07/04/2026 | 07/04/2026 | Libro |